| 000 | 00422nam a2200097Ia 4500 | ||
|---|---|---|---|
| 008 | 180130s9999 xx 000 0 und d | ||
| 245 |
_cBanos, Raquel A.; Borge-Holthoefer, Javier; Moreno, Yamir _aThe role of hidden influentials in the diffusion of online information cascades |
||
| 260 | _c2016 | ||
| 300 | _aBook title: Knowledge discovery in databases--Acession number C20553; pages 132-147 | ||
| 650 | _aKNOWLEDGE DISCOVERY | ||
| 999 |
_c354227 _d354227 |
||